Stati federati della Germania - Statistics

Statistiche generali
  • Questo quiz è stato fatto 21 volte
  • Il punteggio medio è 11 su 16
Statistiche sulle risposte
Capitale Stato federato % Corretto
Monaco di Baviera Baviera
100%
- Amburgo
89%
- Berlino
89%
Dresda Sassonia
89%
Stoccarda Baden-Württemberg
84%
- Brema
84%
Hannover Bassa Sassonia
68%
Magonza Renania-Palatinato
68%
Potsdam Brandeburgo
58%
Saarbrücken Saarland
58%
Schwerin Meclemburgo-Pomerania Anteriore
53%
Erfurt Turingia
53%
Wiesbaden Assia
47%
Düsseldorf Renania Settentrionale-Vestfalia
47%
Magdeburgo Sassonia-Anhalt
47%
Kiel Schleswig-Holstein
37%
Nessun quiz corrispondente trovato
Distribuzione punteggi
Percentuale di utenti per punteggio
Percentile per numero di risposta
I tuoi punteggi nel tempo
Non hai fatto questo quiz